Taylor Swift - The Life of a Showgirl Vinyl Variants Picture Quiz - Statistics

General Stats
  • This quiz has been taken 12 times
    4 since last reset
  • The average score is 7 of 11
Answer Stats
Picture Answer % Correct
Shiny Bug (Violet Shimmer)
100%
Shiny Bug (Wintergreen and Oynx)
100%
Sweat and Vanilla Perfume (Orange Glitter)
100%
The Crowd Is Your King Edition (Summertime Spritz Pink Shimmer, Target Exclusive)
67%
The Tiny Bubbles in Champagne Edition (Red Lipstick & Lace Transparent)
67%
The Tiny Bubbles in Champagne Edition (Under Bright Lights Pearlescent)
67%
Baby, That's Show Business (Lakeside Beach Blue Sparkle)
33%
Baby, That's Show Business (Lovely Bouquet Golden)
33%
Honestly Wild
33%
Lit My Sky Up Orange
33%
Sequins Are Forever Magenta
33%
No matching quizzes found
Score Distribution
Percent of People with Each Score
Percentile by Number Answered
Your Score History
You have not taken this quiz since the last reset